000 00725nam a2200229Ia 4500
008 191130s1997##################000#0#eng##
020 _a9780750698290
022 _a96025638
040 _aACL
_cACL
082 _a305.43 FRE
100 _aFrenier, Carol R
245 _aBusiness and the feminine principle : the untapped resource
_cby Carol R. Frenier
260 _aAmsterdam ; Boston
_bButterworth-Heinemann
_cc1997
300 _axviii, 210 p. ; 24 cm.
500 _aIncludes bibliographical references (p. 201-204) and index
650 _aBusinesswomen - Psychology
650 _aCorporate culture
650 _aFemininity
990 _a5d2eee1cac10000c0e090bcbfb41dfda
991 _a175874
999 _c121455
_d121455